| 000 | 00472nam a22001811c 4500 | ||
|---|---|---|---|
| 001 | a987654764 | ||
| 008 | 061129s2006 gw |||| 000u rus d | ||
| 041 | _arus | ||
| 245 | 0 | 0 |
_aSocial-demokratija Evropy v načale XXI veka : _bvremja peremen |
| 264 |
_aMoskva, _c2006 |
||
| 300 | _a237 S. | ||
| 700 | 1 |
_aOrlov, Boris _eHerausgeberIn |
|
| 710 | 2 | _aRossijskaja akademija nauk | |
| 942 | _cMG | ||
| 040 | _cRU-10907106 | ||
| 003 | RU-10907106 | ||
| 999 |
_c6620 _d6620 |
||
| 490 | 0 | _aEvropa : XXI vek | |